| 000 | 01116cam a2200277 a 4500 | ||
|---|---|---|---|
| 001 | 16011256 | ||
| 005 | 20101130104215.0 | ||
| 008 | 091207s2011 njua b 001 0 eng | ||
| 020 | _a0136034284 (alk. paper) | ||
| 020 | _a9780136034285 (alk. paper) | ||
| 035 | _a(OCoLC)ocn476834107 | ||
| 040 |
_aDLC _cDLC _dYDXCP _dCDX _dC#P _dBWX _dDLC |
||
| 082 | 0 | 0 |
_a621.399 _222 _bRAB |
| 100 | 1 |
_aRabiner, Lawrence R., _d1943- _929011 |
|
| 245 | 1 | 0 |
_aTheory and Applications of Digital Speech Processing / _cLawrence R. Rabiner, Ronald W. Schafer. |
| 250 | _a1st ed. | ||
| 260 |
_aUpper Saddle River : _bPearson, _cc2011. |
||
| 300 |
_axiv, 1056 p. : _bill. ; _c24 cm. |
||
| 504 | _aIncludes bibliographical references and index. | ||
| 650 | 0 |
_aSpeech processing systems. _929012 |
|
| 653 |
_bCS _bGen _cFebruary2012 |
||
| 700 | 1 |
_aSchafer, Ronald W., _d1938- _929013 |
|
| 942 |
_2ddc _cBB |
||
| 999 |
_c16491 _d16491 |
||